Galéria venovaná výstave Socha piešťanských parkov

Salvato in:
Dettagli Bibliografici
Autore principale: Sadloň, Jakub (Autore)
Altri autori: Arnould, Matthias (Relatore della tesi)
Natura: Manoscritto Libro
Lingua:slovacco
Pubblicazione: 2022
Soggetti:
Accesso online:http://is.stuba.sk/zp/portal_zp.pl?podrobnosti=150065
https://opac.crzp.sk/?fn=detailBiblioForm&sid=EC9507141B5FF6F0450BC8C822A1
Tags: Aggiungi Tag
Nessun Tag, puoi essere il primo ad aggiungerne!!

MARC

LEADER 00000ntm a22000003a 4500
001 stuzp88634
003 SK-STU
005 20230509151720.9
007 ta
008 150427s2015----xo-----f-mn---000-0-slo-d
040 |a STU  |b slo 
041 0 |a slo 
100 1 |a Sadloň, Jakub  |u 010310  |4 aut  |U SvF Stavebná fakulta  |T SvF Katedra architektúry  |X 98418  |U V181|V310  |Y 19  |7 98418 
242 0 1 |a Gallery dedicated to the exhibition Statue of Piešťany Parks  |y eng 
245 1 0 |a Galéria venovaná výstave Socha piešťanských parkov 
260 |c 2022 
650 4 |a galéria  |2 slo 
650 4 |a socha  |2 slo 
650 4 |a Piešťany  |2 slo 
650 4 |a gallery  |2 eng 
650 4 |a sculpture  |2 eng 
650 4 |a Piešťany  |2 eng 
700 1 |a Arnould, Matthias  |u 010310  |k Z3  |4 ths  |U SvF Stavebná fakulta  |T SvF Katedra architektúry  |X 54943  |U V181|V310  |Y 19  |7 54943 
856 4 |u http://is.stuba.sk/zp/portal_zp.pl?podrobnosti=150065 
856 4 |u https://opac.crzp.sk/?fn=detailBiblioForm&sid=EC9507141B5FF6F0450BC8C822A1